000
00336nas a2200157 a 4500
001
66183
003
139013
005
20201118110254.0
008
||||||n9999 ||| || ||
041
_a
fre
245
0
_a
Esprit - no.6
260
_a
Francia :
_b
ALBEG,
_c
1999.
562
_e
1
773
_0
58070
_a
Esprit :
942
_c
SISS
999
_c
66183
_d
66183